| 000 | 00331nam a2200109 4500 | ||
|---|---|---|---|
| 999 |
_c10967 _d10967 |
||
| 008 | 181002b ||||| |||| 00| 0 eng d | ||
| 245 |
_a1st Maranaw to top LET: _bPMTC's Abdulhalim aces with 87.20. |
||
| 260 |
_aDavao City _bSun Star Davao _cc2016 |
||
| 300 | _apage 11. | ||
| 650 | 0 |
_931869 _aLicensure-Examinations. |
|
| 942 |
_2ddc _cPER |
||